000
00288nam a2200121Ia 4500
008
241002s9999 xx 000 0 und d
082
_a
128 HUM
100
_a
Hume, David
245
2
_a
A Treatise of Human Nature Book One
260
_a
London:
_c
1967
600
_a
Philosophy
942
_c
UC
999
_c
18846
_d
18846